[Event "MVP-ch Seniors op 13th"]
[Site "Binz"]
[Date "2013.12.02"]
[Round "6"]
[White "Goldenbogen, Ingrid"]
[Black "Staudinger, Karl"]
[Result "1/2-1/2"]
[WhiteElo "1097"]
[BlackElo "1117"]
[PlyCount "54"]
[EventDate "2013.11.27"]
[EventType "swiss"]
[EventRounds "9"]
[EventCountry "GER"]
[SourceTitle "EXT 2015"]
[Source "ChessBase"]
[SourceDate "2014.11.20"]
[SourceVersion "1"]
[SourceVersionDate "2014.11.20"]
[SourceQuality "1"]

1. e4 e5 2. d3 Nc6 3. c3 g6 4. Be2 b6 5. Bd2 Bb7 6. Nf3 Qe7 7. Qc2 0-0-0 8. Be3 h6 9. Nbd2 g5 10. Nb3 Rh7 11. 0-0-0 Rg7 12. g4 Nf6 13. h3 Ne8 14. Nfd2 Rg6 15. Nc4 Nb4 16. cxb4 Qxb4 17. a3 Qe7 18. Kb1 Rc6 19. Qd2 d5 20. exd5 Rf6 21. Rhg1 Bxd5 22. Rc1 Kb8 23. Qc3 Re6 24. Ncd2 Bg7 25. Ne4 Rc6 26. Qd2 Bxe4 27. f3 Bd5 1/2-1/2

[Event "MVP-ch Seniors op 13th"]
[Site "Binz"]
[Date "2013.11.30"]
[Round "4"]
[White "Rollwitz, Inge"]
[Black "Goldenbogen, Ingrid"]
[Result "1-0"]
[WhiteElo "1258"]
[BlackElo "1097"]
[PlyCount "171"]
[EventDate "2013.11.27"]
[EventType "swiss"]
[EventRounds "9"]
[EventCountry "GER"]
[SourceTitle "EXT 2015"]
[Source "ChessBase"]
[SourceDate "2014.11.20"]
[SourceVersion "1"]
[SourceVersionDate "2014.11.20"]
[SourceQuality "1"]

1. d4 d5 2. c4 dxc4 3. Qa4+ c6 4. Qxc4 e6 5. Nf3 Bd6 6. e3 h6 7. Be2 Nf6 8. 0-0 b5 9. Qc2 Qc7 10. Nbd2 Bb7 11. a3 a6 12. b4 Nbd7 13. Bb2 Nd5 14. Ne4 0-0-0 15. Nxd6+ Qxd6 16. Rfc1 f5 17. Ne5 Nxe5 18. dxe5 Qd7 19. Bd4 g5 20. a4 Nxb4 21. Qc5 Nd5 22. axb5 Qe7 23. bxa6 Qxc5 24. Rxc5 Ba8 25. a7 Rd7 26. Rca5 Kd8 27. Rb1 Ke7 28. Bc5+ Kf7 29. Bh5+ Kg7 30. Rb8 Rdd8 31. Bd6 Rd7 32. Rxh8 Kxh8 33. Ra6 Kg8 34. Bb8 Nb4 35. Ra1 c5 36. h3 Rd8 37. Bf3 Nd5 38. Ra5 Rc8 39. g4 f4 40. exf4 gxf4 41. Kh2 Kf7 42. Ra4 Ke7 43. Ra6 c4 44. Be4 c3 45. Bd6+ Kd7 46. Ra5 c2 47. Bxc2 Rxc2 48. Bc5 Kc8 49. Rb5 Bb7 50. Ra5 Ba8 51. Rb5 Bb7 52. Bd4 Nc7 53. Rb1 Rc4 54. Bb6 Na8 55. h4 f3 56. Kg3 Kd7 57. Be3 Kc6 58. Bxh6 Kc7 59. Rc1 Rxc1 60. Bxc1 Kd7 61. g5 Nc7 62. g6 Ne8 63. h5 Be4 64. h6 Nc7 65. g7 Bh7 66. Kxf3 Ke7 67. Kg4 Kf7 68. Kg5 Na8 69. f4 Bf5 70. Ba3 Nb6 71. Bc5 Na8 72. Bd6 Bh7 73. Bb8 Bf5 74. Bd6 Be4 75. Bc5 Bh7 76. Bf2 Nc7 77. Bh4 Be4 78. Kh5 Kg8 79. Bf6 Kh7 80. Kg5 Bf5 81. Be7 Be4 82. Kf6 Kg8 83. Bd8 Na8 84. Kxe6 Bc2 85. f5 Bb3+ 86. Ke7 1-0

[Event "Hessen-ch Seniors op 05th"]
[Site "Bad Sooden-Allendorf"]
[Date "2009.05.03"]
[Round "9"]
[White "Goldenbogen, Ingrid"]
[Black "Wolf, Margot"]
[Result "0-1"]
[WhiteElo "1095"]
[BlackElo "1313"]
[PlyCount "57"]
[EventDate "2009.04.25"]
[EventType "swiss"]
[EventRounds "9"]
[EventCountry "GER"]
[SourceTitle "EXT 2022"]
[Source "ChessBase"]
[SourceDate "2021.10.06"]
[SourceVersion "1"]
[SourceVersionDate "2021.10.06"]
[SourceQuality "1"]

1. e4 c6 2. Nc3 d5 3. a3 Nf6 4. Qe2 Bg4 5. f3 Bh5 6. g4 Bg6 7. e5 Nfd7 8. d4 e6 9. Bf4 h6 10. Bg3 c5 11. Qd2 cxd4 12. Bd3 dxc3 13. bxc3 Bxd3 14. cxd3 Nc6 15. d4 Be7 16. Ne2 Bh4 17. 0-0 Bxg3 18. Nxg3 Qg5 19. Qc2 Na5 20. Rae1 Nc4 21. Qa4 Qd8 22. Rf2 a6 23. Nh5 Rg8 24. h3 b5 25. Qc2 Qe7 26. Kh2 Qg5 27. Qa2 Ke7 28. Qc2 Qg6 29. Qe2 0-1

[Event "Hessen-ch Seniors op 05th"]
[Site "Bad Sooden-Allendorf"]
[Date "2009.04.25"]
[Round "1"]
[White "Goldenbogen, Ingrid"]
[Black "Schlemminger, Degenhard"]
[Result "0-1"]
[WhiteElo "1095"]
[BlackElo "1648"]
[PlyCount "47"]
[EventDate "2009.04.25"]
[EventType "swiss"]
[EventRounds "9"]
[EventCountry "GER"]
[SourceTitle "EXT 2022"]
[Source "ChessBase"]
[SourceDate "2021.10.06"]
[SourceVersion "1"]
[SourceVersionDate "2021.10.06"]
[SourceQuality "1"]

1. e4 d5 2. e5 Bf5 3. d3 Nc6 4. c3 Nxe5 5. h3 h6 6. Nf3 Nc6 7. g4 Bh7 8. Bg2 e6 9. Bf4 Bd6 10. Bxd6 Qxd6 11. Qe2 Nge7 12. Nbd2 0-0 13. Nb3 Ng6 14. Qe3 b6 15. Rg1 Qf4 16. d4 Rae8 17. 0-0-0 f5 18. Qxf4 Nxf4 19. g5 Ne2+ 20. Kd2 Nxg1 21. Rxg1 h5 22. Nh4 g6 23. f4 Ne7 24. Nf3 0-1

[Event "Hessen-ch Seniors op 02nd"]
[Site "Bad Sooden-Allendorf"]
[Date "2006.04.29"]
[Round "5"]
[White "Goldenbogen, Ingrid"]
[Black "Rollwitz, Inge"]
[Result "1-0"]
[WhiteElo "1140"]
[BlackElo "1345"]
[PlyCount "147"]
[EventDate "2006.04.25"]
[EventType "swiss"]
[EventRounds "9"]
[EventCountry "GER"]
[SourceTitle "EXT 2007"]
[Source "ChessBase"]
[SourceDate "2006.11.23"]
[SourceVersion "1"]
[SourceVersionDate "2006.11.23"]
[SourceQuality "1"]

1. e4 d6 2. d4 g6 3. d5 Bg7 4. c3 Nf6 5. Nd2 0-0 6. h3 c6 7. Bc4 cxd5 8. exd5 Qa5 9. b4 Qc7 10. Bb2 Nbd7 11. Ngf3 Nb6 12. Qe2 Nfxd5 13. Bxd5 Nxd5 14. 0-0 Nxc3 15. Bxc3 Qxc3 16. Rab1 Bf5 17. Rfc1 Qf6 18. Rb3 Rac8 19. Rxc8 Rxc8 20. Qd1 Bc2 21. Qc1 Qf5 22. Re3 Bb1 23. Qxb1 Qxb1+ 24. Nxb1 Rc1+ 25. Re1 Rxe1+ 26. Nxe1 a6 27. Nd3 g5 28. g4 h6 29. Kg2 e5 30. f3 f6 31. Nd2 Kf7 32. Ne4 Ke6 33. a3 b6 34. a4 Bf8 35. b5 a5 36. Ng3 d5 37. Kf1 d4 38. Ne4 f5 39. gxf5+ Kxf5 40. Ng3+ Ke6 41. Kg2 Kd5 42. Kf2 Bd6 43. Ke2 Kc4 44. Ne4 Bc7 45. Nd2+ Kd5 46. Kd1 Bd6 47. Kc2 Bf8 48. Ne4 Bg7 49. Ng3 Ke6 50. Nh5 Bf8 51. Nf2 Kd5 52. Kd3 Be7 53. Ng4 Bd6 54. Ngf6+ Ke6 55. Ke4 Be7 56. Nd5 Bd8 57. Ng7+ Kd6 58. Nf5+ Ke6 59. Nxh6 Kd6 60. Nf5+ Kc5 61. Nde7 Kb4 62. Nc6+ Kxa4 63. Nxd8 Kxb5 64. Nd6+ Kb4 65. Nc6+ Ka4 66. Nxe5 b5 67. Kxd4 b4 68. Ndc4 Kb5 69. Nd3 b3 70. Ncb2 a4 71. Kc3 Ka5 72. Nc4+ Kb5 73. Na3+ Ka5 74. Nb2 1-0

[Event "Hessen-ch Seniors op 02nd"]
[Site "Bad Sooden-Allendorf"]
[Date "2006.04.28"]
[Round "4"]
[White "Van Bellen, Hendrik"]
[Black "Goldenbogen, Ingrid"]
[Result "1-0"]
[WhiteElo "1567"]
[BlackElo "1140"]
[PlyCount "46"]
[EventDate "2006.04.25"]
[EventType "swiss"]
[EventRounds "9"]
[EventCountry "GER"]
[SourceTitle "EXT 2007"]
[Source "ChessBase"]
[SourceDate "2006.11.23"]
[SourceVersion "1"]
[SourceVersionDate "2006.11.23"]
[SourceQuality "1"]

1. Nc3 Nf6 2. e4 e5 3. f4 Bd6 4. fxe5 Bxe5 5. d4 Bd6 6. e5 Bb4 7. exf6 Qxf6 8. Nf3 Qe6+ 9. Qe2 Qxe2+ 10. Bxe2 0-0 11. 0-0 f6 12. Bc4+ Kh8 13. Ne5 g5 14. h3 Kg7 15. Nd3 d6 16. Re1 Nc6 17. Nxb4 Na5 18. Re7+ Kh8 19. Bd3 f5 20. Bxg5 Nc6 21. Nxc6 bxc6 22. Rae1 d5 23. Rxc7 Rg8 1-0

[Event "Brandenburg Seniors op 13th"]
[Site "Rowy"]
[Date "2004.06.25"]
[Round "4"]
[White "Mazurkiewicz, Antoni"]
[Black "Goldenbogen, Ingrid"]
[Result "1-0"]
[WhiteElo "1717"]
[BlackElo "1111"]
[PlyCount "83"]
[EventDate "2004.06.21"]
[EventType "swiss"]
[EventRounds "9"]
[EventCountry "POL"]
[SourceTitle "EXT 2006"]
[Source "ChessBase"]
[SourceDate "2005.11.24"]
[SourceVersion "1"]
[SourceVersionDate "2005.11.24"]
[SourceQuality "1"]

1. d4 d5 2. Nf3 Nc6 3. Bf4 h6 4. e3 e6 5. Be2 a6 6. 0-0 Bd6 7. Ne5 Bxe5 8. dxe5 g5 9. Bg3 Nge7 10. f4 Nf5 11. Bf2 Qe7 12. c3 Bd7 13. b4 b5 14. Nd2 Na7 15. e4 Nh4 16. Bc5 Qd8 17. Bd4 Bc6 18. g3 Ng6 19. f5 Nf8 20. Bf3 Qd7 21. Bg2 Bb7 22. Nb3 c6 23. Nc5 Qe7 24. Qh5 Rh7 25. Rf2 0-0-0 26. Raf1 Kb8 27. exd5 cxd5 28. a4 Bc6 29. Nxa6+ Kb7 30. Nc5+ Ka8 31. a5 Rd7 32. Bh3 Rc7 33. fxe6 Be8 34. Rf6 Nc6 35. exf7 Bxf7 36. Qf3 Nxd4 37. cxd4 Ra7 38. e6 Nxe6 39. Qxd5+ Kb8 40. Bxe6 Bxe6 41. Rxe6 Qg7 42. Qd8# 1-0

[Event "Brandenburg Seniors op 13th"]
[Site "Rowy"]
[Date "2004.06.21"]
[Round "1"]
[White "Hoppensack, Manfred"]
[Black "Goldenbogen, Ingrid"]
[Result "1-0"]
[WhiteElo "1850"]
[BlackElo "1111"]
[PlyCount "49"]
[EventDate "2004.06.21"]
[EventType "swiss"]
[EventRounds "9"]
[EventCountry "POL"]
[SourceTitle "EXT 2006"]
[Source "ChessBase"]
[SourceDate "2005.11.24"]
[SourceVersion "1"]
[SourceVersionDate "2005.11.24"]
[SourceQuality "1"]

1. e4 e5 2. Nc3 a6 3. f4 Nc6 4. Nf3 exf4 5. d4 Bb4 6. Bxf4 Bxc3+ 7. bxc3 h6 8. Bc4 d6 9. 0-0 Qf6 10. Bg3 Nd8 11. e5 Qg6 12. exd6 cxd6 13. Nh4 Qg4 14. Qe1+ Be6 15. Rf4 Qg5 16. d5 Nf6 17. dxe6 d5 18. exf7+ Kxf7 19. Rf5 Re8 20. Qf2 Qe3 21. Bxd5+ Kf8 22. Bd6+ Qe7 23. Rxf6+ gxf6 24. Qxf6+ Nf7 25. Qxf7# 1-0